Advanced Methods in Cellular Immunology (Record no. 16668)

000 -LEADER
fixed length control field 00325nam a22001337a 4500
003 - CONTROL NUMBER IDENTIFIER
control field OSt
005 - DATE AND TIME OF LATEST TRANSACTION
control field 20170105103447.0
008 - FIXED-LENGTH DATA ELEMENTS--GENERAL INFORMATION
fixed length control field 131204t xxu||||| |||| 00| 0 eng d
020 ## - INTERNATIONAL STANDARD BOOK NUMBER
International Standard Book Number 9781420039238
040 ## - CATALOGING SOURCE
Transcribing agency ASAB
100 ## - MAIN ENTRY--PERSONAL NAME
Personal name Rafael Fernandez-Botran
9 (RLIN) 397
245 ## - TITLE STATEMENT
Title Advanced Methods in Cellular Immunology
942 ## - ADDED ENTRY ELEMENTS (KOHA)
Source of classification or shelving scheme
Koha item type Book
Holdings
Withdrawn status Lost status Source of classification or shelving scheme Damaged status Not for loan Collection code Permanent Location Current Location Date acquired Total Checkouts Full call number Barcode Date last seen Price effective from Koha item type Total Renewals Date last checked out
            Atta-ur-Rahman School of Applied Biosciences (ASAB) Atta-ur-Rahman School of Applied Biosciences (ASAB) 05/15/2014   616.07 FER ASAB1054 05/15/2014 05/15/2014 Book    
            Atta-ur-Rahman School of Applied Biosciences (ASAB) Atta-ur-Rahman School of Applied Biosciences (ASAB) 05/15/2014   616.07 FER ASAB1053 05/15/2014 05/15/2014 Book    
            Atta-ur-Rahman School of Applied Biosciences (ASAB) Atta-ur-Rahman School of Applied Biosciences (ASAB) 05/15/2014   616.07 FER ASAB1051 05/15/2014 05/15/2014 Book    
            Atta-ur-Rahman School of Applied Biosciences (ASAB) Atta-ur-Rahman School of Applied Biosciences (ASAB) 05/15/2014 1 616.07 FER ASAB1050 03/06/2017 05/15/2014 Book 1 11/04/2015
            Atta-ur-Rahman School of Applied Biosciences (ASAB) Atta-ur-Rahman School of Applied Biosciences (ASAB) 12/04/2013   616.07 FER ASAB1052 03/15/2017 12/04/2013 Book    
© 2023 Central Library, National University of Sciences and Technology. All Rights Reserved.